000 00356 a2200157 4500
001 180513
020 _a
040 _cMagnum
100 _aCagliari, Luiz Carlos
240 1 0 _aAlfabetizacao e linguistica/v.3
_lpor
245 1 0 _aAlfabetizacao e linguistica/v.3
362 0 _a1899
440 1 _aScipione
697 _aMAGNITO: PEDAGOGIA
942 _cBK
999 _c180513
_d180513